Normal view
MARC view
Entry Personal Name
001 - CONTROL NUMBER
- control field: 87558
003 - CONTROL NUMBER IDENTIFIER
- control field: dpl
005 - DATE AND TIME OF LATEST TRANSACTION
- control field: 20260226160924.0
008 - FIXED-LENGTH DATA ELEMENTS
- fixed length control field: 260226|| aca||aabn | a|a d
040 ## - CATALOGING SOURCE
- Original cataloging agency: dpl
- Transcribing agency: dpl
100 ## - HEADING--PERSONAL NAME
- Personal name: Pratap, Gagan
670 ## - SOURCE DATA FOUND
- Source citation: Work cat.: (dpl)215046: Pratap, Gagan, SSC Maths The Complete Coaching 8000+TCS MCQ
